| 000 | 00000nas 2200000za 4500 |
| 001 | 9.508541 |
| 003 | CaOODSP |
| 005 | 20210615082447 |
| 007 | ta |
| 008 | 150406c1990||||xxc|| p #||||f| |0fre|d |
| 022 | |a0045-4230 |
| 040 | |aCaOODSP|bfre |
| 041 | |aeng |
| 041 | |afre |
| 043 | |an-cn--- |
| 086 | 1 |aJU1-1-1 |
| 110 | 1 |aCanada. |bCour suprême. |
| 245 | 10|aRecueil des arrêts de la Cour suprême du Canada |
| 260 | |aOttawa - Ontario : |bCour suprême du Canada |
| 310 | |aIrrégulier |
| 520 | 3 |aUne série de publications qui mettent l’accent sur les causes qui ont créé un précédent jurisprudentiel. (Commande permanente) |
| 563 | |aCouverture souple |
| 691 | 07|aDécision du tribunal|2gcpds |
| 776 | 0#|tCanada Supreme Court reports |w(CaOODSP)9.500745 |
| 791 | |tCanada Supreme Court reports |eeng|w(CaOODSP)9.508540 |